000 00766nam a22001817a 4500
999 _c60266
_d60266
003 Ge_BSU
005 20230623102958.0
008 230623s2000 ge ||||| |||| 00| 0 geo d
020 _a999288410X
041 _ageo
080 _a81'374.26:902=111=353.1 კ-24
100 _aკაპანაძე, მარინა
_918916
245 _aინგლისურ-ქართული ლექსიკონი არქეოლოგებისათვის /
_cმარინა კაპანაძე.
264 _aთბილისი,
_c2000.
300 _a150 გვ. ;
_b20 სმ.
653 _aინგლისურ-ქართული ლექსიკონი არქეოლოგებისათვის
942 _2udc
_cBK